| 000 | 00666nam a2200229Ia 4500 | ||
|---|---|---|---|
| 001 | 862 | ||
| 003 | GE_BSU | ||
| 008 | 181216s||||||||xx |||||||||||||| ||und|| | ||
| 040 | _cGE_BSU | ||
| 080 | _a902/904 | ||
| 100 | _aГарден,Жан-Клод. | ||
| 245 | _aТеоретическая Археология. | ||
| 245 | _cПер. с французского Л.А. Лавлинской и Е.Л.Торшиной | ||
| 260 | _aМосква | ||
| 260 | _bПрогресс | ||
| 260 | _c1983 | ||
| 300 | _a296 с. | ||
| 541 | _h5 л. | ||
| 653 | _aТеоретическая Археолгия | ||
| 653 | _aარქეოლოგია | ||
| 942 | _cBK | ||
| 999 |
_c35023 _d35023 |
||